| 000 | 00660nam a2200217 i 4500 | ||
|---|---|---|---|
| 001 | 111025 | ||
| 003 | ES-MaACL | ||
| 005 | 20230906185227.0 | ||
| 007 | t| | ||
| 008 | 061121s1944 sp r ||||1| spa d | ||
| 100 | 1 |
_aOhlson, Siri. _986588 |
|
| 245 | 1 | 0 |
_aEgipto / _cSiri Ohlson ; traducción del sueco Jaime Ruiz Manet. |
| 260 |
_aBarcelona : _bSeix y Barral, _c1944. |
||
| 300 |
_a97 p. : _bil. ; _c19 cm. |
||
| 490 | 1 | _aNarraciones geográficas | |
| 651 | 4 |
_aEgipto- _xDescripción. _98141 |
|
| 700 | 1 |
_aRuiz Manet, Jaime. _9100859 |
|
| 830 | 0 |
_aNarraciones geográficas _9233043 |
|
| 852 |
_aES-MaACL _j1853-F-1 _bR.21699 |
||
| 999 |
_c111025 _d111025 |
||